| 000 | 01002nam a22002537a 4500 | ||
|---|---|---|---|
| 999 |
_c8312 _d8312 |
||
| 003 | AR-CdUCM | ||
| 008 | 190322b ||||| |||| 00| 0 spa d | ||
| 040 |
_aMUNICIPALIDAD PROVINCIAL DEL CUSCO _cBIBLIOTECA MUNICIPAL DEL CUSCO |
||
| 041 | _heng | ||
| 082 |
_a304 / _bC523 |
||
| 100 |
_aChapple, Eliot _923355 |
||
| 245 |
_aEl Hombre Cultural y el Hombre Biológico : _bAntropología de La Conducta / |
||
| 260 |
_aMéxico : _bPax-México ; _c1972. |
||
| 300 |
_a439 páginas ; _c21cm |
||
| 505 | _aContenido: Las dimensiones de la conducta -- Relojes biológicos -- Ritmos biológicos y personalidad -- Las bases biológicas de la conducta emocional -- La dimensión cultural del espacio... | ||
| 650 |
_aCultura _9126 |
||
| 650 |
_aConduct _923356 |
||
| 650 |
_aAntropología _9878 |
||
| 650 |
_aBiología _9881 |
||
| 650 |
_aDeterminismo _918282 |
||
| 710 |
_aAgencia para el Desarrollo Internacional (AID), Centro Regional de Ayuda Técnica _923357 |
||
| 942 |
_2ddc _cLIBROS |
||
| 945 | _anom | ||